| 000 | 00756nam a2200217 a 4500 | ||
|---|---|---|---|
| 005 | 20210223130230.0 | ||
| 008 | 070821s2006 mx r 000 0 spa d | ||
| 020 | _a9685962006 | ||
| 035 | _aUPN01000151077 | ||
| 049 | _aCG | ||
| 050 | 4 |
_aHD9394 C9 _bV6.2 |
|
| 100 | 1 | _aVoss, Ursula L. | |
| 245 | 1 | 4 |
_aLos Bacardí : _buna familia entre el ron y la revolución cubana / _cUrsula L. Voss ; tr. Enrique Adolfo López Magallón. |
| 260 |
_aMéxico : _bPlaza & Janés, _c2006. |
||
| 300 | _a260 p. | ||
| 534 |
_pTítulo original : _tDie Bacardis |
||
| 610 | 2 | 4 |
_aFUNDACION FAMILIA BACARDI _97960 |
| 610 | 2 | 4 |
_aCORPORACION BACARDI (PUERTO RICO) - _xHISTORIA _97958 |
| 610 | 2 | 4 |
_aCORPORACION BACARDI (PUERTO RICO) - _xACTIVIDAD POLITICA _97959 |
| 905 | _aLibro | ||
| 999 |
_c123217 _d123217 |
||